| 000 | 01512nam0a2200337 i 4500 | ||
|---|---|---|---|
| 001 | RU\NLR\bibl\1968395 | ||
| 005 | 20241104161826.0 | ||
| 010 |
_a9785855380743 _92000 |
||
| 021 |
_aRU _b2012-3154и _9369и |
||
| 035 | _a(NLR Aleph) 001957276 | ||
| 090 |
_a3776855 _c3776856 |
||
| 100 | _a20121119d2012 u y0rusy50 ca | ||
| 101 | 1 |
_arus _aeng _ceng |
|
| 102 | _aRU | ||
| 105 | _aa ||||||||| | ||
| 200 | 1 |
_aВладивостокский альбом _dThe Vladivostok album _fЭлеонора Лорд Прей _gпер. с англ. Максима Немцова _gсост., предисл. и коммент. Биргитты Ингемансон _zeng |
|
| 210 |
_aVladivostok _cРубеж _d2012 |
||
| 215 |
_a143 с. _cил., портр., факс. _d23х27 |
||
| 300 | _aАвт. также на англ. яз.: Eleanor L. Pray | ||
| 300 | _aТекст парал. на рус. и англ. яз. | ||
| 510 | 1 |
_6z20790 _aThe Vladivostok album _zeng |
|
| 607 |
_aВладивосток, город _jАльбомы _xИстория _zкон. 19 - 1-я треть 20 вв. _92600401 _3RU\NLR\auth\661536959 |
||
| 686 | _aТ3(2Р-4Пр-2В)52я6 | ||
| 700 | 1 |
_4070 _7ca _8rus _aПрей _bЭ. Л. _f1868-1954 _gЭлеонора Лорд _9209081 _3RU\NLR\AUTH\770209135 |
|
| 702 | 1 |
_aИнгемансон _bБ. _gБиргитта _4220 |
|
| 790 | 1 |
_6z20510 _aPray _bE. L. _gEleanor Lord _4070 |
|
| 801 | 0 |
_aRU _bNLR _c20121119 _gRCR |
|
| 801 | 1 |
_aRU _bNLR _c20121119 |
|
| 942 | _cBOOK | ||
| 980 | _aNBR | ||